Лексико-стилістичні особливості фразеологізмів з чисельними компонентами "first", "second", "third", "one", "two", "three" (Запис № 285017)

МАРК-запис
000 -LEADER
fixed length control field 01557nam a22001577a 4500
041 ## - LANGUAGE CODE
Language code of text/sound track or separate title ukr
080 ## - UNIVERSAL DECIMAL CLASSIFICATION NUMBER
Universal Decimal Classification number 09
090 ## - LOCALLY ASSIGNED LC-TYPE CALL NUMBER (OCLC); LOCAL CALL NUMBER (OCLC)
Local cutter number (OCLC) ; Book number/undivided call number, CALL (RLIN) КУН
100 ## - MAIN ENTRY--PERSONAL NAME
Personal name Кунець І. А.
245 ## - TITLE STATEMENT
Title Лексико-стилістичні особливості фразеологізмів з чисельними компонентами "first", "second", "third", "one", "two", "three"
260 ## - PUBLICATION, DISTRIBUTION, ETC. (IMPRINT)
Place of publication, distribution, etc Острог
Name of publisher, distributor, etc КАФ
Date of publication, distribution, etc 2012
300 ## - PHYSICAL DESCRIPTION
Extent 50
520 ## - SUMMARY, ETC.
Summary, etc РОЗДІЛ 1 ОСОБЛИВОСТІ ДОСЛІДЖЕННЯ ФРАЗЕОЛОГІЇ ТА ФРАЗЕОЛОГІЧНИХ ОДИНИЦЬ<br/>1.1 Теоретичні аспекти дослідження у сфері фразеології<br/>1.2 Особливості перекладу та збереження значень фразеологічних одиниць<br/>1.3 Семантика чисел та їх місце у фразеологічних одиницях<br/>РОЗДІЛ 2 СТИЛІСТИЧНИЙ І ЛЕКСИЧНИЙ АНАЛІЗ ФРАЗЕОЛОГІЧНИХ ОДИНИЦЬ З ЧИСЛОВИМ КОМПОНЕНТОМ<br/>2.1 Методи дослідження фразеологізмів<br/>2.2 Поділ фразеологічних одиниць за класифікацією Виноградова В. В.<br/>2.3 Класифікація фразеологізмів за схемою Барана Я. А. та збереження семантичної цінності чисельних компонентів ФО
-- Фразеологія, число
650 ## - SUBJECT ADDED ENTRY--TOPICAL TERM
Topical term or geographic name as entry element Research Papers
942 ## - ADDED ENTRY ELEMENTS (KOHA)
Koha item type Книги
Фонди
Withdrawn status Lost status Source of classification or shelving scheme Damaged status Not for loan Home library Current library Date acquired Source of acquisition Cost, normal purchase price Total Checkouts Full call number Barcode Date last seen Price effective from Koha item type
    Universal Decimal Classification     ВІЛ - Відділ іноземн. літератури НБ ВІЛ - Відділ іноземн. літератури НБ 18/09/2012 Акт №5 1.00   09 215015 10/11/2021 18/09/2012 Книги